| 000 | 00455nam a2200181Ia 4500 | ||
|---|---|---|---|
| 001 | 9881 | ||
| 005 | 20260306161751.0 | ||
| 008 | 260306t2010||||xx |||||||||||||| ||spa|| | ||
| 041 | _aESP | ||
| 082 |
_a808.027 _bA53 |
||
| 100 |
_aAmerican Psychological Association _eAUT |
||
| 245 | 0 | _aManual de publicaciones de la American Psychological Association | |
| 260 | _c2010 | ||
| 300 |
_a _c |
||
| 650 | _aGEN | ||
| 654 | _aCHU | ||
| 942 |
_cLIB _dJUS _fJUS _2ddc _n |
||
| 999 |
_c9881 _d9881 |
||